• 首页
  • 本馆介绍
  • 公告通知
  • 最新文献
  • 馆藏检索
  • 电子资源
  • 读者导购
  • 参考咨询
  • 我的图书馆
  • 登录
  • 详细信息显示
  • 放入我的书架
  • 预约/预借图书
  • 作者相关作品
  • 分类相关作品
  • 丛书相关作品
  • 出版社相关作品

书目信息

  • 表格格式
  • 工作单格式
  • 卡片格式
题名:
世界著名建筑大师作品点评丛书
    
 
作者: 莱奥尼 编著 ;李梦非 译
分册:   诺曼·福斯特
出版信息: 大连   大连理工大学出版社  2011
页数: 119页
开本: 26cm
丛书名:
单 册:
中图分类: TU-861 , TU-867.12
科图分类:
主题词: 建筑艺术--艺术评论--世界--现代 , 建筑艺术--艺术评论--美国--现代
电子资源:
ISBN: 978-7-5611-4590-6
000 01042nam0 2200277 450-
001 0102130951
005 20110812144541.0
010    @a978-7-5611-4590-6@b精装@dCNY48.00
100    @a20110621d2011 em y0chiy0120 ea
101 1  @achi@cita
102    @aCN@b210000
105    @aa z 000yy
106    @ar
200 1  @a世界著名建筑大师作品点评丛书@9Shi Jie Zhu;Zhuo Ming Jian Zhu Da;Dai Shi Zuo Pin Dian Ping Cong Shu @i诺曼·福斯特@f(意)乔瓦尼·莱奥尼(Giovanni Leoni)编著@g李梦非译@b专著
210    @a大连@c大连理工大学出版社@d2011
215    @a119页@c图,照片@d26cm
304    @a英文分辑题名:Norman Foster
330    @a本书展示了诺曼·福斯特的优秀作品,以及专业领域对他的评价,并对他的设计理念进行了详细的剖析和评述。
606 0  @a建筑艺术@x艺术评论@y世界@z现代
606 0  @a建筑艺术@x艺术评论@y美国@z现代
690    @aTU-861@v4
690    @aTU-867.12@v4
701  0 @c(意)@a莱奥尼@c(Leoni, Giovanni)@9lai ao ni@4编著
702  0 @a李梦非@9li meng fei@4译
801  0 @aCN@bZL@c20110602
905    @aBZT@dTU-86@e15@f5@sTU-86/15
    
    世界著名建筑大师作品点评丛书.诺曼·福斯特/(意)乔瓦尼·莱奥尼(Giovanni Leoni)编著/李梦非译.-大连:大连理工大学出版社,2011
    119页:图,照片;26cm
    
    
    ISBN 978-7-5611-4590-6(精装):CNY48.00
    本书展示了诺曼·福斯特的优秀作品,以及专业领域对他的评价,并对他的设计理念进行了详细的剖析和评述。
●
相关链接 在五车中查询图书 在当当中查询图书 在豆瓣中查询图书


正题名:世界著名建筑大师作品点评丛书     索取号:TU-86/15         预约/预借

序号 登录号 条形码 馆藏地/架位号 状态 备注
1 2000012494   2000012494   旧书回溯/ [索取号:TU-86/15] 在馆    
2 2000012495   2000012495   旧书回溯/ [索取号:TU-86/15] 在馆    
3 2000012496   2000012496   旧书回溯/ [索取号:TU-86/15] 在馆    
4 2000012497   2000012497   旧书回溯/ [索取号:TU-86/15] 在馆    
5 2000012498   2000012498   旧书回溯/ [索取号:TU-86/15] 在馆    
山东省滨州职业学院图书馆 欢迎您!
大连网信软件有限公司© 版权所有